[Event "4NCL/Div3/SLO2 vs. WRO2"]
[Site "Telford ENG"]
[Date "2003.01.19"]
[Round "4.6"]
[White "Jones, Rupert W"]
[Black "Richardson, Alex"]
[Result "1-0"]
[WhiteElo "1728"]
[BlackElo "2098"]
[PlyCount "55"]
[EventDate "2003.01.19"]

1. e4 e5 2. Nf3 Nc6 3. Bb5 a6 4. Ba4 Nf6 5. O-O Be7 6. c3 Nxe4 7. Re1 Nc5 8.
Bxc6 dxc6 9. Nxe5 Nd3 10. Qf3 Nxe5 11. Rxe5 Be6 12. d4 Qd7 13. Bf4 O-O-O 14.
Nd2 f6 15. Re2 Rde8 16. Qg3 h5 17. Rae1 h4 18. Qg6 Bf5 19. Qf7 Kd8 20. Qb3 g5
21. Bxg5 fxg5 22. Qxb7 Qc8 23. Qxc6 Bd3 24. Re5 Bb5 25. Qe4 Qd7 26. Qa8+ Qc8
27. Qxc8+ Kxc8 28. Rxe7 1-0

[Event "4NCL/Div3/SLO2 vs. WRO2"]
[Site "Telford ENG"]
[Date "2003.01.19"]
[Round "4.7"]
[White "Armstrong, Malcolm J"]
[Black "Richards, Susan"]
[Result "1-0"]
[WhiteElo "2151"]
[BlackElo "1328"]
[PlyCount "71"]
[EventDate "2003.01.19"]

1. d4 Nf6 2. Nf3 g6 3. g3 Bg7 4. c4 d6 5. Nc3 O-O 6. Bg2 Nbd7 7. O-O b6 8. Ne5
dxe5 9. Bxa8 Ba6 10. Bf3 Qb8 11. b3 exd4 12. Qxd4 c5 13. Qh4 Ne5 14. Bg2 Bc8
15. Bf4 e6 16. Rad1 Nh5 17. Ne4 f5 18. Nd6 Bf6 19. Bg5 h6 20. Bxf6 Rxf6 21.
Nxc8 Qxc8 22. f4 Ng4 23. Rd3 Ng7 24. h3 Rf7 25. Rd8+ Qxd8 26. Qxd8+ Rf8 27.
Qxf8+ Kxf8 28. hxg4 Ne8 29. gxf5 exf5 30. Rd1 Nf6 31. Rd8+ Ke7 32. Ra8 Kd6 33.
Rxa7 Ng4 34. Rg7 Ne3 35. Rxg6+ Kc7 36. Rxh6 1-0

[Event "4NCL/Div3/3CS2 vs. MIN"]
[Site "Telford ENG"]
[Date "2003.01.19"]
[Round "4.1"]
[White "Walton, Alan J"]
[Black "Moss, Robin"]
[Result "1/2-1/2"]
[WhiteElo "2144"]
[BlackElo "2271"]
[PlyCount "59"]
[EventDate "2003.01.19"]

1. d4 Nf6 2. Bg5 Ne4 3. Bf4 c5 4. f3 Qa5+ 5. c3 Nf6 6. Nd2 cxd4 7. Nb3 Qb6 8.
Qxd4 Nc6 9. Qxb6 axb6 10. Nd4 Nxd4 11. cxd4 d5 12. e3 Bd7 13. Bd3 e6 14. Ne2
Bb4+ 15. Kf2 Rc8 16. Rhc1 O-O 17. a3 Be7 18. Rc7 Rxc7 19. Bxc7 b5 20. Rc1 b4 {=
} 21. axb4 Bxb4 22. Bb6 Ra8 23. Bc5 Bxc5 24. dxc5 e5 25. Nc3 Kf8 26. h3 Ra5 27.
Ne2 Ra4 28. b3 Rb4 29. Rb1 b6 30. cxb6 1/2-1/2

[Event "4NCL/Div3/3CS2 vs. MIN"]
[Site "Telford ENG"]
[Date "2003.01.19"]
[Round "4.2"]
[White "Kenworthy, Gary"]
[Black "Gordon, Stephen J"]
[Result "1-0"]
[WhiteElo "2259"]
[BlackElo "2159"]
[PlyCount "79"]
[EventDate "2003.01.19"]

1. e4 c5 2. Nf3 e6 3. d4 cxd4 4. Nxd4 a6 5. Nc3 Qc7 6. Be2 Nf6 7. O-O Be7 8. f4
d6 9. Be3 O-O 10. g4 Nc6 11. g5 Nxd4 12. Qxd4 Nd7 13. f5 Re8 14. Rad1 Bf8 15.
fxe6 fxe6 16. Bh5 g6 17. Be2 Ne5 18. Qd2 Bd7 19. Bd4 Bg7 20. Qe3 Bc6 21. h4 {=}
21... b5 22. a3 Rab8 23. h5 a5 24. hxg6 hxg6 25. Rd2 b4 26. axb4 axb4 27. Nd1
Bb5 28. Bxb5 Rxb5 29. Qh3 Nf7 30. Be3 Qc6 31. Qh4 Re5 32. Nf2 Ra8 33. Ng4 Rxe4
34. Rh2 Kf8 35. Rhf2 Qc4 36. Rxf7+ Kg8 37. Nf6+ Kxf7 38. Nxe4+ Kg8 39. Nf6+
Bxf6 40. Qxc4 1-0

[Event "4NCL/Div3/3CS2 vs. MIN"]
[Site "Telford ENG"]
[Date "2003.01.19"]
[Round "4.3"]
[White "Plant, Paul"]
[Black "Conlon, Joseph P"]
[Result "0-1"]
[WhiteElo "2024"]
[BlackElo "2215"]
[PlyCount "79"]
[EventDate "2003.01.19"]

1. d4 Nf6 2. c4 g6 3. g3 c5 4. d5 d6 5. Bg2 Bg7 6. Nf3 b5 7. cxb5 Qa5+ 8. Bd2
Qxb5 9. Nc3 Qb6 10. O-O Ba6 11. Re1 Nbd7 12. Qc2 O-O 13. Rad1 Rab8 14. b3 Rfc8
15. e4 Ng4 16. Na4 Qb7 17. Nb2 c4 18. Nxc4 Nde5 19. Nfxe5 Nxe5 20. Rb1 Qa8 21.
Bf4 Nxc4 22. bxc4 Rxc4 23. Rxb8+ Qxb8 24. Rb1 Qc8 25. Qb3 Rc3 26. Qb8 Bd4 27.
Qxc8+ Rxc8 28. Rc1 Rxc1+ 29. Bxc1 Bc4 30. a3 Bd3 31. Be3 Bxe3 32. fxe3 Kg7 33.
e5 dxe5 34. e4 e6 35. dxe6 f6 36. Kf2 Kf8 37. Ke3 Ba6 38. Bf3 Ke7 39. Bd1 Bc4
40. Ba4 {time} 0-1

[Event "4NCL/Div3/3CS2 vs. MIN"]
[Site "Telford ENG"]
[Date "2003.01.19"]
[Round "4.4"]
[White "Stirling, William J"]
[Black "Adams, Phil"]
[Result "1/2-1/2"]
[WhiteElo "2174"]
[BlackElo "2056"]
[PlyCount "64"]
[EventDate "2003.01.19"]

1. Nf3 Nf6 2. c4 c5 3. Nc3 e6 4. g3 b6 5. Bg2 Bb7 6. O-O Be7 7. Re1 d6 8. e4
Nbd7 9. d4 cxd4 10. Nxd4 Qc7 11. Be3 Nc5 12. f4 a6 13. Bf2 O-O 14. Rc1 Rac8 15.
b4 Ncd7 16. f5 e5 17. Nb3 Qb8 18. Qe2 Qa8 19. a3 Rc7 20. Na4 b5 21. cxb5 Rxc1
22. Rxc1 axb5 23. Nb2 Qxa3 24. Na5 Bxe4 25. Bxe4 Nxe4 26. Qxe4 Qxb2 27. Qc2 Qa3
28. Nc6 Bg5 29. Rd1 Nf6 30. Rd3 Qa1+ 31. Rd1 Qa3 32. Rd3 Qa1+ 1/2-1/2

[Event "4NCL/Div3/3CS2 vs. MIN"]
[Site "Telford ENG"]
[Date "2003.01.19"]
[Round "4.5"]
[White "Whitworth, Philip"]
[Black "Muter, Donny"]
[Result "0-1"]
[WhiteElo "1944"]
[BlackElo "2085"]
[PlyCount "77"]
[EventDate "2003.01.19"]

1. e4 d6 2. Nc3 Nf6 3. f4 c6 4. Nf3 g6 5. g3 Bg7 6. d3 O-O 7. Bg2 d5 8. e5 Ne8
9. O-O f6 10. d4 Na6 11. Be3 Nac7 12. h3 Be6 13. g4 Qd7 14. Nh4 f5 15. gxf5
Bxf5 16. Nxf5 gxf5 17. Ne2 Kh8 18. Kh2 Bh6 19. Ng3 Ng7 20. Qd2 Rg8 21. c3 Nce6
22. Rac1 Nf8 23. c4 dxc4 24. d5 Rd8 25. Rfd1 cxd5 26. Bxd5 e6 27. Bxc4 Qxd2+
28. Rxd2 Rc8 29. Rd4 Ng6 30. Re1 Rgd8 31. Rxd8+ Rxd8 32. Kg2 Bxf4 33. Bxa7 Nh4+
34. Kf2 Rd2+ 35. Re2 Rxe2+ 36. Nxe2 Bxe5 37. Nd4 Ng6 38. b4 Nf4 39. a4 {time}
0-1

[Event "4NCL/Div3/3CS2 vs. MIN"]
[Site "Telford ENG"]
[Date "2003.01.19"]
[Round "4.6"]
[White "Kafka, Graeme"]
[Black "Lewis, Andrew"]
[Result "1/2-1/2"]
[WhiteElo "2116"]
[BlackElo "1936"]
[PlyCount "61"]
[EventDate "2003.01.19"]

1. e4 e6 2. d4 d5 3. e5 c5 4. c3 Qb6 5. Nf3 Nc6 6. a3 Nh6 7. b4 cxd4 8. cxd4
Nf5 9. Bb2 Be7 10. Be2 O-O 11. O-O Bd7 12. Kh1 f6 13. g4 Nh6 14. exf6 Rxf6 15.
g5 Rxf3 16. Bxf3 Nf5 17. Nd2 Ncxd4 18. Bg2 Bxg5 19. Nf3 Nxf3 20. Qxf3 Rf8 21.
Qg4 Bf6 22. Bxf6 Rxf6 23. Rac1 Qd6 24. Rfd1 Rg6 25. Qe2 Nh4 26. Bf3 Qf4 27. Rc3
d4 28. Bxb7 dxc3 29. Rxd7 Qg5 30. Qd1 Rf6 31. Qe2 1/2-1/2

[Event "4NCL/Div3/3CS2 vs. MIN"]
[Site "Telford ENG"]
[Date "2003.01.19"]
[Round "4.7"]
[White "Keech, Paul"]
[Black "Parker, Robert"]
[Result "1/2-1/2"]
[WhiteElo "1896"]
[BlackElo "2115"]
[PlyCount "84"]
[EventDate "2003.01.19"]

1. e4 e5 2. Nc3 Nf6 3. f4 d5 4. fxe5 Nxe4 5. d3 Nxc3 6. bxc3 d4 7. Nf3 Nc6 8.
Bb2 Bc5 9. cxd4 Nxd4 10. c3 Nxf3+ 11. Qxf3 Qh4+ 12. g3 Qa4 13. d4 Be7 14. Bd3
c6 15. O-O Be6 16. Qe2 b5 17. Be4 Rc8 18. Qf3 Qc4 19. Rfd1 Bd5 20. Qg4 O-O 21.
Bd3 Qa4 22. Bf5 Rc7 23. e6 fxe6 24. Bxe6+ Bxe6 25. Qxe6+ Kh8 26. Rf1 Rf6 27.
Rxf6 gxf6 28. Re1 Qc4 29. Qxc4 bxc4 30. Bc1 Kg7 31. Bf4 Rb7 32. Re2 Kf7 33. Kf2
Ba3 34. Kf3 Rb5 35. g4 Rb2 {=} 36. Rxb2 Bxb2 37. Bd2 Ba3 38. Ke4 Ke6 39. h4 a6
40. Bf4 Bb2 41. Bd2 Ba3 42. h5 Be7 1/2-1/2

[Event "4NCL/Div3/3CS2 vs. MIN"]
[Site "Telford ENG"]
[Date "2003.01.19"]
[Round "4.8"]
[White "Broomfield, Lucy"]
[Black "Martin, Katie A"]
[Result "1/2-1/2"]
[WhiteElo "2019"]
[BlackElo "1584"]
[PlyCount "97"]
[EventDate "2003.01.19"]

1. e4 e5 2. Nf3 Nc6 3. Bc4 Nf6 4. d3 h6 5. c3 Be7 6. h3 d6 7. O-O O-O 8. Re1
Re8 9. b4 a6 10. Bb2 Be6 11. Nbd2 Bf8 12. a3 Ne7 13. Bxe6 fxe6 14. d4 exd4 15.
cxd4 Ng6 16. Qc2 Nh8 17. Re3 Qd7 18. Nb3 Nf7 19. Rae1 Re7 20. d5 e5 21. Na5 Rb8
22. Rc1 Qd8 23. Rc3 Ne8 24. Nh4 Rd7 25. Nf5 Ng5 {=} 26. Qe2 Nf6 27. Ng3 Nf7 28.
Rf1 Nh8 29. Nf5 Ng6 30. g3 Qe8 31. h4 Ne7 32. Rf3 Qh5 33. Qd3 Nxf5 34. Rxf5 Qg4
35. Re1 Rf7 36. Bc1 Nh7 37. Rxf7 Kxf7 38. Qc3 Qd7 39. Rf1 Kg8 40. Qf3 Be7 41.
Nc4 Rf8 42. Qe2 Nf6 43. Kg2 Qe8 44. f3 Qg6 45. Kh2 Nh5 46. Rg1 Qf7 47. Rf1 Qg6
48. Rg1 Qf7 49. Rf1 1/2-1/2

[Event "4NCL/Div3/SCS vs. WES2"]
[Site "Telford ENG"]
[Date "2003.01.19"]
[Round "4.1"]
[White "Greet, Andrew N"]
[Black "Rutter, Nicholas"]
[Result "1/2-1/2"]
[WhiteElo "2272"]
[BlackElo "2120"]
[PlyCount "98"]
[EventDate "2003.01.19"]

1. b3 e5 2. Bb2 Nc6 3. e3 Nf6 4. Bb5 d6 5. Ne2 Bd7 6. O-O Nb8 7. Bxd7+ Nbxd7 8.
f4 g6 9. c4 Bg7 10. Nbc3 O-O 11. Qc2 c6 12. e4 b5 13. Kh1 Qb6 14. Nd1 Rfe8 15.
Ne3 Nc5 16. cxb5 Qxb5 17. Ng3 Qd3 18. Qxd3 Nxd3 19. fxe5 Nd7 20. Bc3 Bxe5 21.
Nc4 Rad8 22. Nxe5 N7xe5 23. Bxe5 dxe5 24. Rf6 Re6 25. Rxe6 fxe6 26. Kg1 Kf7 27.
Rf1+ Ke7 28. Rf3 a5 29. Nf1 Rd4 30. Ne3 Rxe4 31. Nc4 Nc1 32. Nxa5 Nxa2 33.
Nxc6+ Kd6 34. Na5 Nc1 35. Re3 Kd5 36. Rxe4 Kxe4 37. Kf2 Kd3 38. Ke1 Kc2 39. b4
Nd3+ 40. Ke2 Nxb4 41. Nc4 Nc6 42. Ne3+ Kb3 43. Kd3 Kb4 44. Ke4 Kc5 45. g4 g5
46. h3 h6 47. d3 Kd6 48. Nc4+ Ke7 49. Nxe5 Nb4 1/2-1/2

[Event "4NCL/Div3/SCS vs. WES2"]
[Site "Telford ENG"]
[Date "2003.01.19"]
[Round "4.2"]
[White "Clark, Ian C"]
[Black "Lutton, J Ezra"]
[Result "1-0"]
[WhiteElo "2119"]
[BlackElo "2107"]
[PlyCount "85"]
[EventDate "2003.01.19"]

1. e4 Nc6 2. d4 d5 3. e5 Bf5 4. Nf3 e6 5. c3 f6 6. Qa4 Qd7 7. Bb5 a6 8. Nbd2
O-O-O 9. Bxc6 Qxc6 10. Qxc6 bxc6 11. b4 Nh6 12. Nb3 Nf7 13. Be3 Kd7 14. h3 Ra8
15. Ke2 Be7 16. Rhc1 Rhb8 17. a3 Be4 18. Nfd2 Bxg2 19. Rg1 Bxh3 20. Rxg7 Ke8
21. exf6 Bxf6 22. Rxh7 Bf5 23. Rhh1 Nd6 24. Bf4 Nb5 25. Rac1 Kf7 26. a4 Nd6 27.
Nc5 a5 28. Nd7 Rb7 29. Rcg1 axb4 30. Nxf6 Kxf6 31. Be5+ Ke7 32. Rg7+ Nf7 33.
cxb4 Rxb4 34. a5 Rxa5 35. Rh8 Ra3 36. f3 Rb2 37. Bf4 Kf6 38. Rhg8 e5 39. dxe5+
Nxe5 40. Bg5+ Ke6 41. Re8+ Kd6 42. Be7+ Kd7 43. Bxa3+ 1-0

[Event "4NCL/Div3/SCS vs. WES2"]
[Site "Telford ENG"]
[Date "2003.01.19"]
[Round "4.3"]
[White "Lutton, E Josiah"]
[Black "Tunks, Dominic"]
[Result "1-0"]
[WhiteElo "2042"]
[BlackElo "2096"]
[PlyCount "65"]
[EventDate "2003.01.19"]

1. e4 d6 2. Nc3 e5 3. Bc4 c6 4. Nge2 Nf6 5. d3 b5 6. Bb3 Nbd7 7. O-O Nc5 8. f4
a5 9. a3 Nxb3 10. cxb3 Be7 11. Qe1 O-O 12. f5 Ba6 13. Rf3 b4 14. axb4 axb4 15.
Nd1 d5 16. Nf2 Qb6 17. Be3 Bc5 18. Bxc5 Qxc5 19. Rc1 Qd6 20. g4 Nd7 21. f6 Nxf6
22. Ng3 g6 23. g5 Nd7 24. Ng4 Kg7 25. Qf1 Bb5 26. Qh3 f6 27. Qh6+ Kg8 28. gxf6
Nxf6 29. Nxf6+ Rxf6 30. Nh5 Rf7 31. Rxf7 Kxf7 32. Qxh7+ Ke8 33. Ng7+ 1-0

[Event "4NCL/Div3/SCS vs. WES2"]
[Site "Telford ENG"]
[Date "2003.01.19"]
[Round "4.4"]
[White "Marsh, Roger"]
[Black "Hawrami, Khidir"]
[Result "1-0"]
[WhiteElo "2069"]
[BlackElo "2000"]
[PlyCount "91"]
[EventDate "2003.01.19"]

1. d4 Nf6 2. c4 g6 3. Nc3 Bg7 4. e4 d6 5. Be2 O-O 6. Bg5 e5 7. dxe5 dxe5 8.
Qxd8 Rxd8 9. Nd5 Nbd7 10. Nxc7 Rb8 11. Rd1 h6 12. Bxf6 Bxf6 13. Nd5 Bg7 14.
Ne7+ Kh7 15. Bg4 h5 16. Bh3 Bf8 17. Nxc8 Bb4+ 18. Ke2 Rbxc8 19. b3 Rc7 20. Nf3
f6 21. Rd5 g5 22. Bf5+ Kg7 23. Rhd1 g4 24. Nh4 b5 25. Rxd7+ Rdxd7 26. Rxd7+
Rxd7 27. Bxd7 bxc4 28. bxc4 Bc5 29. Nf5+ Kg6 30. Ng3 Kg5 31. Nf1 Kf4 32. Nd2 h4
33. h3 g3 34. f3 Kg5 35. Nb3 Bb6 36. c5 Bc7 37. Bf5 Kf4 38. Kd3 Bd8 39. Nd2 Be7
40. c6 Bd6 41. Nc4 Bc7 42. Ne3 Kg5 43. Nd5 Bd6 44. c7 Bxc7 45. Nxc7 Kf4 46.
Ne6# 1-0

[Event "4NCL/Div3/SCS vs. WES2"]
[Site "Telford ENG"]
[Date "2003.01.19"]
[Round "4.5"]
[White "Heaton, Robert"]
[Black "Gregory, Keith D"]
[Result "0-1"]
[WhiteElo "1856"]
[BlackElo "2032"]
[PlyCount "56"]
[EventDate "2003.01.19"]

1. d4 d6 2. e4 g6 3. Nf3 Bg7 4. c3 Nf6 5. Bd3 O-O 6. Bg5 c5 7. Qd2 cxd4 8. cxd4
Bg4 9. Nc3 Bxf3 10. gxf3 Nc6 11. Be2 Rc8 12. h4 Qa5 13. a3 Rfe8 14. O-O e5 15.
b4 Qd8 16. d5 Nd4 17. Rae1 Qd7 18. Kh2 Nh5 19. Rg1 Nf4 20. Bxf4 exf4 21. Nd1
Rc2 22. Qd3 Rec8 23. h5 Ra2 24. hxg6 hxg6 25. e5 Bxe5 26. Bf1 Kg7 27. Bh3 Rh8
28. Rg4 Qb5 0-1

[Event "4NCL/Div3/SCS vs. WES2"]
[Site "Telford ENG"]
[Date "2003.01.19"]
[Round "4.6"]
[White "Hopkins, Jamie R"]
[Black "Bland, David"]
[Result "1/2-1/2"]
[WhiteElo "2032"]
[BlackElo "1712"]
[PlyCount "43"]
[EventDate "2003.01.19"]

1. c4 g6 2. g3 Bg7 3. Bg2 d6 4. Nc3 c5 5. Nf3 Nc6 6. O-O e6 7. e4 Nge7 8. Ne1
O-O 9. d3 Rb8 10. Bd2 b6 11. a3 Bb7 12. Nc2 Qd7 13. Rb1 Rfe8 14. b4 Ba8 15. Ne3
Nd4 16. b5 Bb7 17. f4 a6 18. bxa6 Bxa6 19. a4 Qc7 20. g4 f5 21. h3 Bb7 22. Kh1
1/2-1/2

[Event "4NCL/Div3/SCS vs. WES2"]
[Site "Telford ENG"]
[Date "2003.01.19"]
[Round "4.7"]
[White "Hawrami, Dana"]
[Black "Pleasants, Allan J"]
[Result "1/2-1/2"]
[WhiteElo "1712"]
[BlackElo "2000"]
[PlyCount "50"]
[EventDate "2003.01.19"]

1. d4 Nf6 2. Nf3 c6 3. g3 g6 4. Bg2 Bg7 5. O-O d6 6. c4 Qc7 7. Nc3 Nbd7 8. e4
O-O 9. Re1 e5 10. d5 a6 11. Be3 h6 12. Rc1 Ng4 13. Nh4 Nxe3 14. Rxe3 c5 15. Re1
Qd8 16. a3 Qg5 17. Ne2 f5 18. f4 exf4 19. Nxf4 Bd4+ 20. Kh1 Ne5 21. exf5 gxf5
22. Nf3 Nxf3 23. Qxf3 Be5 24. b4 b6 25. bxc5 bxc5 1/2-1/2

[Event "4NCL/Div3/SCS vs. WES2"]
[Site "Telford ENG"]
[Date "2003.01.19"]
[Round "4.8"]
[White "Norman, Dinah"]
[Black "Miller, Naomi K"]
[Result "1-0"]
[WhiteElo "2021"]
[BlackElo "1616"]
[PlyCount "57"]
[EventDate "2003.01.19"]

1. d4 Nf6 2. Nf3 g6 3. Bg5 Bg7 4. Nbd2 d6 5. e4 Nbd7 6. Bd3 c5 7. c3 h6 8. Bh4
d5 9. e5 Nh5 10. Bg3 Nxg3 11. hxg3 Qb6 12. Qc2 Nf8 13. a4 Bd7 14. a5 Qc7 15. b4
c4 16. Be2 Bf5 17. Qb2 g5 18. O-O Qd7 19. Bd1 Bd3 20. Ba4 Bxf1 21. Bxd7+ Nxd7
22. Nxf1 e6 23. Ne3 Rb8 24. b5 Bf8 25. Kf1 Ra8 26. Ke2 Rb8 27. Rh1 Bg7 28. Rh5
Ra8 29. Ng4 {At this point Black illegally castled Q-side, the rook having
previously moved. The game concluded: 29...0-0-0 30.Qc1 f5 31.exf6 Nxf6 32.
Nxf6 Bxf6 33.Qe3 Rde8 34.Ne5 Bxe5 35.Qxe5 Kd7 36.Qg7+ Kd8 37.Qxb7 Black
resigns.} 1-0